Small Business Management (Record no. 1072)

MARC details
000 -LEADER
fixed length control field 00403nam a2200157Ia 4500
008 - FIXED-LENGTH DATA ELEMENTS--GENERAL INFORMATION
fixed length control field 230312s9999||||xx |||||||||||||| ||und||
020 ## - INTERNATIONAL STANDARD BOOK NUMBER
International Standard Book Number 0-324-06554-X
082 ## - DEWEY DECIMAL CLASSIFICATION NUMBER
Classification number 658.022
Item number LON-S
100 ## - MAIN ENTRY--PERSONAL NAME
Personal name Longenecker,Justin G.
245 #0 - TITLE STATEMENT
Title Small Business Management
260 ## - PUBLICATION, DISTRIBUTION, ETC.
Name of publisher, distributor, etc. Thomson
Place of publication, distribution, etc. Austrlia
Date of publication, distribution, etc. 2003
300 ## - PHYSICAL DESCRIPTION
Extent 786
546 ## - LANGUAGE NOTE
Language note Eng.
650 ## - SUBJECT ADDED ENTRY--TOPICAL TERM
Topical term or geographic name entry element Accounting
Form subdivision an entrepreneurial emphasis
942 ## - ADDED ENTRY ELEMENTS (KOHA)
Koha item type BOOK
Holdings
Withdrawn status Lost status Damaged status Not for loan Home library Current library Date acquired Total Checkouts Full call number Barcode Date last seen Price effective from Koha item type
        Superior Information Resource Center (SIRC) Superior University- Central Library Superior Information Resource Center (SIRC) Superior University- Central Library 03/13/2023   658.022 LON-S 1082 03/13/2023 03/13/2023 BOOK

Powered by Koha